书目信息 |
| 题名: |
世界钢琴名曲大全
|
|
| 作者: | 朱莉 , 刘建辉 主编 | |
| 分册: | 2卷 | |
| 出版信息: | 北京 蓝天出版社 2004.4 |
|
| 页数: | 408页 | |
| 开本: | 29cm | |
| 丛书名: | 器乐名曲大全系列 | |
| 单 册: | ||
| 中图分类: | J657.41 | |
| 科图分类: | ||
| 主题词: | 钢琴--器乐曲--世界--选集 | |
| 电子资源: | ||
| ISBN: | 7-80158-417-1 | |
| 000 | 00710nam1 2200241 45 | |
| 001 | 012004000000 | |
| 005 | 20041101103427.98 | |
| 010 | @a7-80158-417-1@dCNY 39.80 | |
| 100 | @a20040918d2004 em y0chiy0121 ea | |
| 101 | 0 | @achi |
| 102 | @aCN@b110000 | |
| 105 | @ag z 000yy | |
| 200 | 1 | @a世界钢琴名曲大全@Ashi jie gang qin ming qu da quan@h2卷@f朱莉, 刘建辉主编 |
| 210 | @a北京@c蓝天出版社@d2004.4 | |
| 215 | @a408页@c乐谱@d29cm | |
| 225 | 2 | @a器乐名曲大全系列 |
| 410 | 0 | @12001 @a器乐名曲大全系列 |
| 606 | 0 | @a钢琴@x器乐曲@y世界@j选集 |
| 690 | @aJ657.41@v4 | |
| 701 | 0 | @a朱莉@Azhu li@4主编 |
| 701 | 0 | @a刘建辉@Aliu jian hui@4主编 |
| 801 | 0 | @aCN@bQSSKxf@c20041101 |
| 905 | @a10447@dJ657.41@eZ853 | |
| 世界钢琴名曲大全.2卷/朱莉, 刘建辉主编.-北京:蓝天出版社,2004.4 |
| 408页:乐谱;29cm.-(器乐名曲大全系列) |
| ISBN 7-80158-417-1:CNY 39.80 |
| ● |
| 相关链接 |
|
|
|
正题名:世界钢琴名曲大全
索取号:J657.41/Z853
 
预约/预借
| 序号 | 登录号 | 条形码 | 馆藏地/架位号 | 状态 | 备注 |
| 1 | 424154 | 204241542 | 社科库309/309社科库 94排4列3层/ [索取号:J657.41/Z853] | 在馆 |